[Event "6th Heraklion Fischer 2019"]
[Site "Heraklion"]
[Date "2019.05.04"]
[Round "6.4"]
[White "Oglaza, Oskar"]
[Black "Mitsis, Georgios"]
[Result "0-1"]
[WhiteElo "2340"]
[BlackElo "2362"]
[Annotator "TA"]
[PlyCount "68"]
[EventDate "2019.04.29"]
[EventType "tourn"]
[EventCountry "GRE"]
[SourceTitle "playchess.com"]
[Source "ChessBase"]
[SourceQuality "1"]

{[%evp 13,67,0,19,7,23,0,17,14,21,0,0,-4,-7,-28,-8,-22,27,-36,45,-36,27,0,18,-18,0,-19,-15,-20,0,-47,0,-60,-80,-248,-258,-258,-238,-289,-91,-97,-93,-240,-236,-375,0,-204,-134,-539,-468,-1155,-1168,-1185,-1176,-29992,-29993,-29999]} 1. e4 e6 2. d4 d5 3. Nc3 Bb4 4. e5 c5 5. a3 Bxc3+ 6. bxc3 Nc6 7. Nf3 Qa5 8. Bd2 {C18: French: 3 Nc3 Bb4: Main line: 7 h4 and 7 Qg4} c4 9. h4 (9. a4 Bd7 10. g3 O-O-O 11. h4 f5 12. Ng5 Rf8 13. h5 Nh6 14. Rh4 Nf7 15. Nxf7 {½-½ (15) Gashimov,V (2758)-Ponomariov,R (2739) Khanty-Mansiysk 2009}) 9... Nge7 10. h5 {The position is equal.} h6 11. Nh4 Bd7 12. f4 O-O-O 13. g4 Kb8 $146 ({Predecessor:} 13... f6 14. exf6 gxf6 15. Rh3 Rde8 {1-0 (48) Osmanodja,F (2299)-Merry,A (2388) Douglas 2016}) 14. Bh3 Rdf8 15. O-O (15. f5 $1 $11) 15... Ka8 (15... g6 $15) 16. Qe2 (16. f5 $14) 16... f6 (16... g6 $15) 17. exf6 Rxf6 18. Nf3 Rff8 19. Ne5 Nxe5 20. Qxe5 Nc6 21. Qe3 Nd8 22. Qe5 ({Better is} 22. Bg2 $11) 22... Nf7 $36 {[%mdl 2048] Black is really pushing.} 23. Qxg7 $2 {[#]} (23. Qe1 $17) 23... Qd8 $1 $19 24. Kh2 Rhg8 25. Qh7 {[#]} Qh4 $2 (25... e5 $1 $19 {and Black stays clearly on top.} 26. f5 (26. fxe5 $2 Bxg4 27. Rf6 Nxe5 $19) 26... exd4 27. cxd4 Qh4) 26. Be1 $17 Qe7 {[%mdl 1024] Black has strong compensation.} 27. Rb1 (27. Bg3 $17 {was the only chance.}) 27... Rh8 $19 28. Qg7 (28. Qg6 $142) 28... Rhg8 (28... Be8 $142 29. f5 Rfg8) 29. Qh7 Be8 {White must now prevent ...Rh8.} 30. g5 $2 {[%mdl 8192]} (30. f5 $17 Rh8 31. Qg6) 30... hxg5 {And now ...g4 would win.} 31. fxg5 (31. f5 $142 g4 32. Bg2) 31... Qxg5 32. h6 Nd6 33. Qc7 Rxf1 {[%csl Gf1,Gg8][%cal Rg5g1]} 34. Bh4 Qg1# {Accuracy: White = 20%, Black = 37%.} 0-1

[Event "6th Heraklion Fischer 2019"]
[Site "Heraklion"]
[Date "2019.05.04"]
[Round "6.5"]
[White "Krishnater, Kushager"]
[Black "Moksh, Amit Doshi"]
[Result "1-0"]
[WhiteElo "2329"]
[BlackElo "2256"]
[Annotator "NA"]
[PlyCount "61"]
[EventDate "2019.04.29"]
[EventType "tourn"]
[EventCountry "GRE"]
[SourceTitle "playchess.com"]
[Source "ChessBase"]
[SourceQuality "1"]
[TimeControl "40/5400+30:1800+30"]

1. e4 {[%emt 0:00:00]} c5 {[%emt 0:00:17]} 2. Nf3 {[%emt 0:00:00]} d6 {[%emt 0:00:13]} 3. d4 {[%emt 0:00:00]} cxd4 {[%emt 0:00:07]} 4. Nxd4 {[%emt 0:00:00]} Nf6 {[%emt 0:00:08]} 5. Nc3 {[%emt 0:00:00]} a6 {[%emt 0:00:05]} 6. h3 {[%emt 0:00:00]} e5 {[%emt 0:00:40]} 7. Nb3 {[%emt 0:00:02]} Be6 {[%emt 0:00:03]} 8. f4 {[%emt 0:00:13]} g6 {[%emt 0:00:59]} 9. Be2 {[%emt 0:00:08]} Nbd7 {[%emt 0:00:09]} 10. g4 {[%emt 0:00:08]} exf4 {[%emt 0:02:58]} 11. g5 {[%emt 0:00:13]} Nh5 {[%emt 0:01:00]} 12. Bxh5 {[%emt 0:00:11]} Qxg5 {[%emt 0:00:49]} 13. Bg4 {[%emt 0:00:09]} Ne5 {[%emt 0:11:56]} 14. Bxe6 {[%emt 0:05:52]} fxe6 {[%emt 0:16:20]} 15. Qe2 {[%emt 0:01:01]} Qf6 {[%emt 0:05:49]} 16. Bd2 {[%emt 0:04:36]} Bg7 {[%emt 0:06:01]} 17. O-O-O {[%emt 0:05:32]} O-O {[%emt 0:03:19]} 18. Rdf1 {[%emt 0:04:26]} f3 {[%emt 0:04:28]} 19. Qh2 {[%emt 0:06:38]} b5 {[%emt 0:04:08]} 20. Nd1 {[%emt 0:05:59]} a5 {[%emt 0:10:41]} 21. Bc3 {[%emt 0:05:07]} b4 {[%emt 0:12:12]} 22. Bxe5 {[%emt 0:00:10]} Qg5+ {[%emt 0:00:06]} 23. Kb1 {[%emt 0:00:06]} Bxe5 {[%emt 0:00:11]} 24. h4 {[%emt 0:00:07]} Qf6 {[%emt 0:07:55]} 25. Qh3 {[%emt 0:00:14]} Rac8 {[%emt 0:01:49]} 26. Nd2 {[%emt 0:00:35]} Qf4 {[%emt 0:00:13]} 27. Qxe6+ {[%emt 0:01:02]} Kh8 {[%emt 0:00:06]} 28. Qd5 {[%emt 0:00:13]} Rc5 {[%emt 0:01:37]} 29. Qd3 {[%emt 0:00:06]} Rfc8 {[%emt 0:00:05]} 30. Rxf3 {[%emt 0:00:29]} Qg4 {[%emt 0:00:07]} 31. Ne3 {[%emt 0:00:19]} 1-0

[Event "6th Heraklion Fischer 2019"]
[Site "Heraklion"]
[Date "2019.05.05"]
[Round "7.1"]
[White "Moksh Amit Doshi"]
[Black "Georgiev, Kiril"]
[Result "0-1"]
[WhiteElo "2256"]
[BlackElo "2588"]
[Annotator "RC"]
[PlyCount "54"]
[EventDate "2019.04.29"]
[EventType "tourn"]
[EventCountry "GRE"]
[SourceTitle "playchess.com"]
[Source "ChessBase"]
[SourceQuality "1"]
[TimeControl "40/5400+30:1800+30"]

1. d4 {[%emt 0:00:00]} Nf6 {[%emt 0:00:00]} 2. c4 {[%emt 0:00:00]} e6 {[%emt 0:02:00]} 3. Nc3 {[%emt 0:00:00]} Bb4 {[%emt 0:00:28]} 4. Qc2 {[%emt 0:00:10]} b6 {[%emt 0:00:45]} 5. e4 {[%emt 0:00:56]} c5 {[%emt 0:00:21]} 6. d5 {[%emt 0:00:07]} exd5 {[%emt 0:00:46]} 7. exd5 {[%emt 0:00:12]} Qe7+ {[%emt 0:04:13]} 8. Be2 {[%emt 0:00:11]} Qe4 {[%emt 0:01:40]} 9. Qd2 {[%emt 0:03:14]} Qxg2 {[%emt 0:16:45]} 10. Bf3 {[%emt 0:00:48]} Qg6 {[%emt 0:00:15]} 11. a3 {[%emt 0:24:02]} Bxc3 {[%emt 0:05:42]} 12. Qxc3 {[%emt 0:00:14]} O-O {[%emt 0:02:32]} 13. Ne2 {[%emt 0:04:43]} Re8 {[%emt 0:00:29]} 14. Be3 {[%emt 0:05:57]} Qf5 {[%emt 0:01:03]} 15. Rg1 {[%emt 0:02:43]} d6 {[%emt 0:08:11]} 16. O-O-O {[%emt 0:07:12]} g6 {[%emt 0:09:12]} 17. Bh1 {[%emt 0:13:26]} Ng4 {[%emt 0:12:43]} 18. Rxg4 {[%emt 0:07:34]} Qxg4 {[%emt 0:05:07]} 19. Bh6 {[%emt 0:00:06]} Re5 {[%emt 0:00:08]} 20. f4 {[%emt 0:00:06]} Qh4 {[%emt 0:00:30]} 21. fxe5 {[%emt 0:04:56]} Qxh6+ {[%emt 0:00:31]} 22. Rd2 {[%emt 0:00:04]} Bg4 {[%emt 0:06:11]} 23. Ng3 {[%emt 0:02:28]} Nd7 {[%emt 0:01:56]} 24. exd6 {[%emt 0:00:46]} Re8 {[%emt 0:02:16]} 25. Kb1 {[%emt 0:02:17]} Qf4 {[%emt 0:02:56]} 26. Ka2 {[%emt 0:02:32]} Re3 {[%emt 0:01:06]} 27. Qc2 {[%emt 0:00:32]} Qxd6 {[%emt 0:00:33]} 0-1

[Event "6th Heraklion Fischer 2019"]
[Site "Heraklion"]
[Date "2019.05.05"]
[Round "7.2"]
[White "Mitsis, Georgios"]
[Black "Krishnater Kushager"]
[Result "1/2-1/2"]
[WhiteElo "2362"]
[BlackElo "2329"]
[Annotator "ChessBase"]
[PlyCount "46"]
[EventDate "2019.04.29"]
[EventType "tourn"]
[EventCountry "GRE"]
[SourceTitle "playchess.com"]
[Source "ChessBase"]
[SourceQuality "1"]
[TimeControl "40/5400+30:1800+30"]

1. d4 {[%emt 0:00:00]} Nf6 {[%emt 0:00:00]} 2. c4 {[%emt 0:00:00]} g6 {[%emt 0:00:00]} 3. Nc3 {[%emt 0:00:00]} Bg7 {[%emt 0:00:00]} 4. e4 {[%emt 0:00:00]} d6 {[%emt 0:00:00]} 5. f3 {[%emt 0:00:16]} O-O {[%emt 0:00:20]} 6. Be3 {[%emt 0:00:11]} Nc6 {[%emt 0:00:27]} 7. Nge2 {[%emt 0:02:06]} a6 {[%emt 0:00:08]} 8. Qd2 {[%emt 0:00:13]} Bd7 {[%emt 0:00:06]} 9. Rc1 {[%emt 0:05:24]} b5 {[%emt 0:01:07]} 10. cxb5 {[%emt 0:30:42]} axb5 {[%emt 0:01:36]} 11. Nxb5 {[%emt 0:00:22]} Rxa2 {[%emt 0:01:12]} 12. Nec3 {[%emt 0:01:25]} Ra8 {[%emt 0:00:59]} 13. Rb1 {[%emt 0:03:53]} e5 {[%emt 0:15:46]} 14. d5 {[%emt 0:00:55]} Ne7 {[%emt 0:01:26]} 15. Be2 {[%emt 0:00:54]} Nh5 {[%emt 0:00:30]} 16. O-O {[%emt 0:01:13]} Nf4 {[%emt 0:00:42]} 17. Rfc1 {[%emt 0:04:36]} Nxe2+ {[%emt 0:01:38]} 18. Qxe2 {[%emt 0:00:06]} Qb8 {[%emt 0:01:10]} 19. Qc4 {[%emt 0:07:05]} Rc8 {[%emt 0:07:16]} 20. Ra1 {[%emt 0:14:44]} c6 {[%emt 0:11:48]} 21. dxc6 {[%emt 0:02:08]} Rxc6 {[%emt 0:00:36]} 22. Ra3 {[%emt 0:01:37]} Ra7 23. Rxa7 {[%emt 0:00:30]} Qa8 {[%emt 0:00:37]} 1/2-1/2

[Event "6th Heraklion Fischer 2019"]
[Site "Heraklion"]
[Date "2019.05.05"]
[Round "7.3"]
[White "Kapnisis, Spyridon"]
[Black "Oglaza, Oskar"]
[Result "1/2-1/2"]
[WhiteElo "2459"]
[BlackElo "2338"]
[Annotator "TA"]
[PlyCount "56"]
[EventDate "2019.04.29"]
[EventType "tourn"]
[EventCountry "GRE"]
[SourceTitle "playchess.com"]
[Source "ChessBase"]
[SourceQuality "1"]

{[%evp 12,56,21,16,23,18,8,0,0,-3,-14,-20,0,-24,-22,-22,7,0,1,0,11,21,58,54,44,70,72,71,56,67,62,64,57,56,66,62,62,63,50,0,0,0,0,0,2,8,5]} 1. e4 c6 2. Nf3 d5 3. d3 e6 4. Nbd2 Nf6 5. g3 Be7 6. Bg2 O-O 7. O-O b6 {A07: Réti Opening: New York and Capablanca Systems} 8. Re1 Bb7 9. h4 c5 10. e5 Nfd7 11. c4 $146 ({Predecessor:} 11. h5 h6 12. Nf1 Nc6 13. N1h2 Qe8 14. Qe2 Kh8 15. c3 {1-0 (31) Yuffa,D (2302)-Sengupta,D (2563) Pardubice 2011}) 11... Qc7 12. Nb1 dxc4 13. dxc4 Rd8 {White must now prevent ...Nxe5.} 14. Qe2 Nc6 15. Nc3 a6 16. Bf4 $1 Nd4 17. Nxd4 $1 cxd4 {[#]} 18. Nd5 $1 {[%mdl 512]} exd5 19. e6 Bd6 20. exd7 Qxd7 {Hoping for ...Bxf4.} 21. Bxd6 Qxd6 22. Rad1 Qc5 23. Qe5 $36 {[%mdl 2048] White is pushing.} Qxc4 24. Rc1 $1 {[%cal Rc1c4]} Qb5 ({Avoid the trap} 24... Qxa2 $2 25. Rc7 $18) 25. Qc7 d3 {[#] aiming for ...d2.The position is equal.} 26. Bf1 $1 Qd7 ({Much worse is} 26... Qxb2 $6 27. Rb1 $16) 27. Bxd3 {Threatens to win with Re7.} Qxc7 28. Rxc7 {And now Ree7 would win.} Bc8 $1 {Accuracy: White = 69%, Black = 75%.} 1/2-1/2

[Event "6th Heraklion Fischer 2019"]
[Site "Heraklion"]
[Date "2019.05.05"]
[Round "7.4"]
[White "Gungl, Theo"]
[Black "Tate, Alan"]
[Result "1-0"]
[WhiteElo "2329"]
[BlackElo "2308"]
[Annotator "RC"]
[PlyCount "85"]
[EventDate "2019.04.29"]
[EventType "tourn"]
[EventCountry "GRE"]
[SourceTitle "playchess.com"]
[Source "ChessBase"]
[SourceQuality "1"]
[TimeControl "40/5400+30:1800+30"]

1. d4 {[%emt 0:00:00]} d5 {[%emt 0:00:00]} 2. c4 {[%emt 0:00:30]} c6 {[%emt 0:01:53]} 3. Nc3 {[%emt 0:00:00]} Nf6 {[%emt 0:00:40]} 4. Nf3 {[%emt 0:00:00]} dxc4 {[%emt 0:00:38]} 5. a4 {[%emt 0:00:00]} e6 {[%emt 0:00:16]} 6. e3 {[%emt 0:00:00]} c5 {[%emt 0:00:10]} 7. Bxc4 {[%emt 0:00:00]} Nc6 {[%emt 0:00:06]} 8. O-O {[%emt 0:00:20]} cxd4 {[%emt 0:00:16]} 9. Nxd4 {[%emt 0:00:32]} Nxd4 {[%emt 0:01:51]} 10. exd4 {[%emt 0:01:53]} Be7 {[%emt 0:07:41]} 11. d5 {[%emt 0:10:10]} exd5 {[%emt 0:03:38]} 12. Nxd5 {[%emt 0:00:07]} Nxd5 {[%emt 0:00:33]} 13. Bxd5 {[%emt 0:00:27]} O-O {[%emt 0:03:44]} 14. Qf3 {[%emt 0:08:58]} Qa5 {[%emt 0:16:43]} 15. Rd1 {[%emt 0:28:34]} Bf6 {[%emt 0:08:56]} 16. Bd2 {[%emt 0:01:15]} Qa6 {[%emt 0:00:20]} 17. Bb4 {[%emt 0:20:56]} Re8 {[%emt 0:02:20]} 18. Re1 {[%emt 0:01:35]} Rxe1+ {[%emt 0:03:13]} 19. Rxe1 {[%emt 0:00:02]} Be6 {[%emt 0:00:30]} 20. Bxb7 {[%emt 0:02:49]} Qxa4 {[%emt 0:00:03]} 21. Bxa8 {[%emt 0:00:36]} Qxb4 {[%emt 0:00:03]} 22. Qe4 {[%emt 0:04:39]} Qxe4 {[%emt 0:08:37]} 23. Rxe4 {[%emt 0:00:11]} Bxb2 {[%emt 0:01:23]} 24. Ra4 {[%emt 0:01:04]} h5 {[%emt 0:03:51]} 25. Rxa7 {[%emt 0:00:10]} g6 {[%emt 0:00:37]} 26. Ra5 {[%emt 0:02:02]} Kg7 {[%emt 0:01:40]} 27. Bd5 {[%emt 0:00:26]} Bxd5 {[%emt 0:01:21]} 28. Rxd5 {[%emt 0:00:02]} f5 {[%emt 0:00:43]} 29. Kf1 {[%emt 0:01:24]} Kf6 {[%emt 0:06:32]} 30. Rd6+ {[%emt 0:01:13]} Kg5 {[%emt 0:00:27]} 31. Ra6 {[%emt 0:00:15]} Be5 {[%emt 0:02:08]} 32. h3 {[%emt 0:00:50]} h4 {[%emt 0:03:19]} 33. Ke2 {[%emt 0:00:48]} Bh2 {[%emt 0:01:49]} 34. Ke3 {[%emt 0:04:09]} Bf4+ {[%emt 0:02:08]} 35. Kd4 {[%emt 0:00:23]} Bh2 {[%emt 0:00:13]} 36. Kd5 {[%emt 0:03:30]} Bg1 {[%emt 0:00:02]} 37. Ra2 {[%emt 0:01:19]} Kf6 {[%emt 0:01:07]} 38. f4 {[%emt 0:03:27]} Be3 {[%emt 0:06:47]} 39. Ra6+ {[%emt 0:00:04]} Kg7 {[%emt 0:03:03]} 40. Ke5 {[%emt 0:00:00]} Kh6 {[%emt 0:00:00]} 41. Kf6 {[%emt 0:03:40]} Bxf4 {[%emt 0:07:30]} 42. Kf7 {[%emt 0:00:06]} Kh5 {[%emt 0:02:11]} 43. Rxg6 {[%emt 0:00:03]} 1-0

[Event "6th Heraklion Fischer 2019"]
[Site "Heraklion"]
[Date "2019.05.05"]
[Round "7.5"]
[White "Leenhouts, Koen"]
[Black "Rozentalis, Eduardas"]
[Result "0-1"]
[WhiteElo "2446"]
[BlackElo "2568"]
[Annotator "TA"]
[PlyCount "86"]
[EventDate "2019.04.29"]
[EventType "tourn"]
[EventCountry "GRE"]
[SourceTitle "playchess.com"]
[Source "ChessBase"]
[SourceQuality "1"]

{[%evp 17,86,15,19,0,0,0,0,0,0,0,0,-13,12,0,0,0,14,-23,0,-19,-22,-25,-3,-44,-45,-69,-37,-61,-49,-48,-58,-92,-10,-40,-9,-21,-9,-25,12,12,19,18,18,-25,-25,-25,-27,-27,-27,-23,-27,-27,-27,-32,-14,-18,-9,-52,-11,-54,0,-363,-363,-352,-257,-733,-685,-1339,-496,-731,-484]} 1. d4 Nf6 2. c4 e6 3. g3 Bb4+ 4. Bd2 a5 5. Bg2 O-O 6. Nf3 d5 7. O-O c6 8. Qc2 Nbd7 9. Bf4 Be7 10. cxd5 {E08: Closed Catalan: Main Line: 7 Qc2} (10. Nbd2 Nh5 11. Be3 Bd6 12. Nb3 Qe7 13. Nc1 b5 14. c5 Bc7 15. Bg5 f6 16. Bd2 f5 17. Nd3 Bb7 {½-½ (44) Tomashevsky,E (2724)-Riazantsev,A (2651) Novosibirsk 2016}) 10... exd5 11. Nc3 Nh5 12. Bd2 {The position is equal.} Nhf6 13. Rfe1 Re8 14. Rad1 $146 ({Predecessor:} 14. Bf4 Nf8 15. Rad1 Ng6 16. Be5 Ng4 17. h3 N4xe5 18. dxe5 {½-½ (46) Gaehwiler,G (2419)-Georgiadis,N (2526) Lenzerheide 2018}) 14... Nf8 15. Bc1 h6 16. Ne5 Be6 17. b3 Qc8 18. Bb2 Bf5 19. Qc1 Bb4 20. Nd3 Ne6 21. a3 Bd6 22. Na4 {next Nb6 is good for White.} Qc7 23. Nac5 Ng5 24. Ne5 Bxc5 (24... Qb6 $17) 25. dxc5 $11 Nh3+ 26. Bxh3 $1 Bxh3 27. Nd3 {[#] Bxf6 is the strong threat.} Nh5 28. Qc3 f6 29. Bc1 Bf5 30. Nf4 (30. Kg2 {is interesting.} Re6 31. f3 Rae8 32. e3 Bh7 33. Nf2) 30... Nxf4 31. Bxf4 Qf7 32. Rd4 Re6 33. Be3 h5 34. Ra4 Qe7 35. h4 Re8 36. Rxa5 Qc7 {And now ...Rxe3! would win.} 37. Bf4 Qd8 38. Ra7 Qd7 (38... Rxe2 $15 39. Rxe2 Rxe2 40. Rxb7 Kh7) 39. Qb4 $2 {[%mdl 8192]} (39. Qd2 $11 {and White has nothing to worry.}) 39... Rxe2 $19 40. Rxe2 Rxe2 41. Rxb7 $2 {[#]} (41. Qxb7 Re1+ 42. Kg2 Bh3+ 43. Kh2) 41... Qe6 $1 {( -> ...Re1+). Black is clearly winning.} 42. Bh6 gxh6 (42... Qe5 $142 {Threatens to win with ...Be4.} 43. Rxg7+ Kh8) 43. Qf4 (43. Ra7 $142 Qe5 44. Ra8+ Kf7 45. Qb7+ Qe7 46. Qb8 Re1+ 47. Kh2 Rh1+ {[%mdl 64] Decoy} 48. Kxh1 Qe1+ {[%mdl 64] Double Attack} 49. Kg2 Be4+ 50. f3 Qe2+ {[%mdl 64] Double Attack} 51. Kg1 Qe3+ 52. Kf1 Bd3+ 53. Kg2 Qe2+ 54. Kg1 Qf1+ 55. Kh2 Qf2+ {[%mdl 64] Double Attack} 56. Kh1 Qxf3+ 57. Kg1 Qf1+ 58. Kh2 Qf2+ {[%mdl 64] Double Attack} 59. Kh3 Bf1#) 43... Qe5 {Accuracy: White = 40%, Black = 60%.} 0-1

[Event "6th Heraklion Fischer 2019"]
[Site "Heraklion"]
[Date "2019.05.06"]
[Round "8.1"]
[White "Georgiev, Kiril"]
[Black "Rozentalis, Eduardas"]
[Result "*"]
[WhiteElo "2588"]
[BlackElo "2568"]
[Annotator "TA"]
[PlyCount "32"]
[EventDate "2019.04.29"]
[EventType "tourn"]
[EventCountry "GRE"]
[SourceTitle "playchess.com"]
[Source "ChessBase"]
[SourceQuality "1"]

{[%evp 13,15,31,60,69]} 1. d4 Nf6 2. c4 e6 3. Nf3 b6 4. Nc3 Bb7 5. a3 g6 6. Qc2 Bg7 7. e4 d6 8. Be2 {E12: Queen's Indian: Unusual White 4th moves, 4 a3, 4 Nc3 Bb7 5 a3 and 4 Nc3 Bb7} {Predecessor:} Nbd7 $146 9. O-O O-O 10. Be3 Qe7 11. h3 c5 12. Rad1 Rfd8 13. e5 dxe5 14. dxe5 Ne8 15. Bg5 f6 16. exf6 Bxf6 {1-0 (34) Korobov,A (2700)-Duda,J (2658) Berlin 2015} *

[Event "6th Heraklion Fischer 2019"]
[Site "Heraklion"]
[Date "2019.05.06"]
[Round "8.1"]
[White "Georgiev, Kiril"]
[Black "Rozentalis, Eduardas"]
[Result "1/2-1/2"]
[WhiteElo "2588"]
[BlackElo "2568"]
[Annotator "TA"]
[PlyCount "83"]
[EventDate "2019.04.29"]
[EventType "tourn"]
[EventCountry "GRE"]
[SourceTitle "playchess.com"]
[Source "ChessBase"]
[SourceQuality "1"]

{[%evp 13,83,43,49,49,56,67,63,44,51,51,47,40,52,47,53,54,64,32,50,36,30,33,40,22,27,8,25,17,19,23,28,27,31,19,25,25,29,25,25,25,37,20,41,44,47,36,50,21,21,23,23,20,20,9,20,0,27,16,27,27,27,27,27,19,27,27,27,14,27,0,27,27]} 1. d4 Nf6 2. c4 e6 3. Nf3 b6 4. Nc3 Bb7 5. a3 g6 6. Qc2 Bg7 7. e4 d6 8. Be2 {E12: Queen's Indian: Unusual White 4th moves, 4 a3, 4 Nc3 Bb7 5 a3 and 4 Nc3 Bb7} Nbd7 9. O-O O-O 10. Re1 {White is slightly better.} (10. Be3 Qe7 11. h3 c5 12. Rad1 Rfd8 13. e5 dxe5 14. dxe5 Ne8 15. Bg5 f6 16. exf6 Bxf6 {1-0 (34) Korobov,A (2700)-Duda,J (2658) Berlin 2015}) 10... a6 11. Rb1 $146 ({Predecessor:} 11. Bf1 c5 12. d5 exd5 13. exd5 b5 14. cxb5 axb5 15. Bxb5 Nxd5 {½-½ (36) Dobrov,V (2501)-Laxman,R (2439) Kolkata 2008}) 11... c5 12. d5 exd5 13. exd5 Re8 14. Bf4 Qc7 15. Bf1 Nh5 16. Bd2 Ne5 17. Nxe5 Bxe5 18. Ne4 Bc8 19. Ng5 Bd7 20. b3 (20. h3 {is more complex.} b5 21. Rbd1 Bg7 22. b3 Nf6 23. Bd3) 20... Bg7 21. Bd3 Rxe1+ 22. Rxe1 Re8 23. Qc1 Nf6 24. h3 Qd8 25. Nf3 Rxe1+ 26. Qxe1 Qe8 27. Qb1 a5 28. b4 axb4 29. axb4 Qa8 30. bxc5 bxc5 31. Bf4 Ne8 32. Kh2 Qd8 33. Bg3 Qe7 34. Bf4 Bf6 35. g4 Bc8 36. Qb8 Bd7 37. Kg2 Kf8 38. Bd2 Qd8 39. Qb1 Kg8 40. Bf4 Qe7 41. Qb8 Kf8 42. Bh6+ {Accuracy: White = 48%, Black = 56%.} 1/2-1/2

[Event "6th Heraklion Fischer 2019"]
[Site "Heraklion"]
[Date "2019.05.06"]
[Round "8.2"]
[White "Tate, Alan"]
[Black "Leenhouts, Koen"]
[Result "0-1"]
[WhiteElo "2308"]
[BlackElo "2446"]
[Annotator "TA"]
[PlyCount "123"]
[EventDate "2019.04.29"]
[EventType "tourn"]
[EventCountry "GRE"]
[SourceTitle "playchess.com"]
[Source "ChessBase"]
[SourceQuality "1"]

{[%evp 9,123,18,31,10,8,16,15,9,9,4,8,8,9,20,15,7,29,24,43,31,32,-12,21,14,38,24,25,15,100,83,70,56,65,62,104,96,100,55,58,63,58,53,54,36,37,18,55,43,60,39,66,66,53,-104,-104,-104,-104,-104,-104,-104,-104,-102,-102,-106,-106,-106,-106,-122,-113,-141,-133,-136,-124,-147,-131,-135,-129,-162,-146,-217,-123,-145,-145,-169,-160,-129,-137,-210,-207,-211,-203,-239,-212,-293,-282,-333,-333,-362,-358,-361,-351,-450,-350,-550,-489,-839,-832,-828,-759,-841,-814,-712,-589,-1272,-1126,-1696]} 1. Nf3 Nf6 2. c4 c5 3. Nc3 d5 4. cxd5 Nxd5 5. e3 Nxc3 6. dxc3 {A34: Symmetrical English: 2 Nc3, lines with ...d5} Qc7 7. e4 Nc6 8. Qd2 {The position is equal.} e6 9. Qg5 f6 10. Qh5+ Qf7 11. Qxf7+ Kxf7 12. Be3 a6 $146 ({Predecessor:} 12... e5 13. Bc4+ {½-½ (45) Bluebaum,M (2631)-Vachier Lagrave,M (2789) Karlsruhe/Baden-Baden 2018}) 13. Nd2 Rb8 14. Nb3 b6 15. Bf4 e5 16. Be3 a5 17. Bb5 $36 {[%mdl 2048] White has the initiative.} Na7 18. Bc4+ Kg6 (18... Be6 $11 {keeps the balance.} 19. Nd2 Nc8) 19. a4 Bb7 20. f3 Nc8 21. Nd2 Bd6 22. h4 {[%cal Rh4h5]} h5 23. Rh3 Kh7 24. Bf7 g6 25. Rg3 Ne7 26. Nc4 Bc7 $1 27. Be6 Rhd8 28. Rh3 Bc6 29. Rh1 Rd3 30. Ke2 Rbd8 31. Bd5 $2 {[#]} (31. Rhb1 $14 {keeps the upper hand.}) 31... Bxd5 $1 $17 {[%mdl 512]} 32. exd5 R3xd5 33. Rhd1 Kg7 34. Rxd5 Nxd5 35. Rg1 Kf7 36. Rd1 Ke6 37. Bc1 Rb8 38. Kf2 Ne7 39. Na3 Rd8 40. Re1 Rd7 41. Nc4 Nf5 42. Rh1 Nd6 43. Nxd6 Rxd6 {[%mdl 4096] Endgame KRB-KRB} 44. g4 (44. Ke2 $17 {is a better defense.}) 44... c4 (44... f5 $19 45. gxh5 gxh5) 45. gxh5 gxh5 46. Ke2 Rd8 47. Rg1 Kf7 48. Be3 {[#]} (48. Bd2 $17) 48... Rg8 $1 $19 49. Rd1 {Threatens to win with Rd7+.} Ke6 50. Bf2 Bd6 51. Rd2 {[#]} Rb8 $1 52. Be3 f5 53. Bg5 b5 54. axb5 Rxb5 55. Ke3 a4 56. Rc2 (56. f4 {was called for.}) 56... Rd5 {Black is clearly winning.} 57. Rg2 (57. Kf2 $142 f4 58. Re2) 57... Rd3+ 58. Ke2 f4 59. Bd8 Re3+ 60. Kf2 Bc5 61. Ba5 Rxc3+ 62. Ke1 {Accuracy: White = 38%, Black = 71%.} 0-1

[Event "6th Heraklion Fischer 2019"]
[Site "Heraklion"]
[Date "2019.05.06"]
[Round "8.3"]
[White "Oglaza, Oskar"]
[Black "Gungl, Theo"]
[Result "1-0"]
[WhiteElo "2338"]
[BlackElo "2329"]
[Annotator "TA"]
[PlyCount "81"]
[EventDate "2019.04.29"]
[EventType "tourn"]
[EventCountry "GRE"]
[SourceTitle "playchess.com"]
[Source "ChessBase"]
[SourceQuality "1"]

{[%evp 12,93,29,22,43,21,29,10,42,29,31,39,38,35,31,13,7,0,0,-14,-14,-21,-22,-11,-16,-30,19,0,4,8,47,47,67,48,53,28,41,25,28,30,24,34,81,23,68,31,124,105,172,158,264,135,150,147,325,165,337,89,123,118,263,268,292,266,404,412,1162,1073,2248,1976,2868,2875,29986,29987,29987,29988,29988,29985,29994,29990,29994,29995,29997,29998]} 1. e4 c5 2. Nf3 d6 3. d4 cxd4 4. Nxd4 Nf6 5. Nc3 a6 6. h3 e6 7. g4 Nfd7 {B81: Sicilian Scheveningen: Keres Attack} (7... h6 8. Bg2 g5 9. Be3 Nbd7 10. Qe2 Ne5 11. O-O-O Nfd7 12. h4 Rg8 13. hxg5 hxg5 14. Kb1 b5 15. f4 gxf4 16. Bxf4 Bb7 {½-½ (56) Karjakin,S (2773)-Mamedyarov,S (2801) Saint Louis 2018}) 8. Bg2 Be7 9. Be3 Nc6 {The position is equal.} 10. h4 Nde5 11. g5 Nc4 12. Bc1 O-O 13. Nxc6 bxc6 14. b3 Nb6 $1 {[#]} 15. f4 $146 ({Predecessor:} 15. Bb2) 15... d5 16. O-O Bc5+ 17. Kh1 a5 18. Qf3 Bb7 19. Ne2 Qe7 20. Ng3 Rfd8 21. Bb2 d4 22. Rad1 a4 23. c3 {[%cal Rc3d4]} Ba6 {Threatens to win with ...axb3.} 24. Rfe1 {[%cal Rc3d4]} d3 {White must now prevent ...d2.} 25. Bc1 Ba3 {Hoping for ...Bxc1.} 26. Bd2 Nd7 27. h5 ({Better is} 27. e5 $16) 27... Rab8 $11 28. Rb1 Nc5 (28... f6 $14) 29. Qd1 $1 $16 (29. b4 $6 Nd7 $11) 29... Nb7 (29... Qa7 $16) 30. e5 $18 c5 (30... Na5 $16) 31. Re4 (31. bxa4 Na5 $11) (31. f5 $18) 31... Bb5 $16 32. Re3 Qe8 $2 (32... c4 $16) 33. Ne4 (33. h6 $142) 33... Bc6 $2 (33... c4 {was called for.}) 34. Qg4 $2 (34. h6 $18 {is the precise move to win.}) 34... Bxe4 35. Bxe4 Na5 {[#]} (35... axb3 $16 36. Rxb3 Na5 37. Rxb8 (37. Rxa3 Nc4 $17) 37... Rxb8) 36. g6 $1 $18 ({Worse is} 36. Rxd3 Rxd3 37. Bxd3 Qc6+ 38. Kg1 axb3 $11) 36... fxg6 37. hxg6 h6 {[#]} (37... axb3 $142 38. gxh7+ Kh8) 38. f5 $1 {[%cal Rf5f6]} axb3 (38... exf5 $142 39. Bxf5 Rb6 40. Rxd3 (40. Bxd3 c4 $11) 40... Rxd3 41. Bxd3 axb3) 39. f6 Kh8 40. axb3 Nxb3 {[#]} 41. fxg7+ {Played: Rb1xb3} 1-0